Auserlesene Oekonomische Bibliothek für den Oesterreichischen Bürger und Landmann, welche den Kern aus den neuesten und besten Schriften über die Haus- und Landwirthschaft enthält Erster Band

Bibliographic Details
Main Author: Berger, Christian Friedrich, 1756-1827 (Author, Author of introduction, etc.)
Format: Book
Language:German
PhysicalDescription:4 nečíslované listy, 380 strán, 2 nečíslované listy 8° 18 x 11 cm
Published: Wien Jm Verlage bey Aloys Doll, Buchhändler am Stephans-Platz im teutschen Hause 1799
Subjects:

MARC

LEADER 00000nam a2200000 4500
001 vtls012248025
003 SK-MaSNL
005 20260301085310.0
008 240116s1799 au f 000 0 ger
015 |a SNBHFA 
040 |a SNKHF  |b slo  |c SNKHF  |e rda 
041 0 |a ger 
044 |a au  |c AT 
072 7 |a 33  |x Ekonómia  |2 konspekt 
080 |a 33  |2 2011 
080 |a 631  |2 2011 
100 1 |a Berger, Christian Friedrich,  |d 1756-1827  |4 aut  |4 aui  |9 330845 
245 1 0 |a Auserlesene Oekonomische Bibliothek für den Oesterreichischen Bürger und Landmann, welche den Kern aus den neuesten und besten Schriften über die Haus- und Landwirthschaft enthält  |n Erster Band 
264 1 |a Wien  |b Jm Verlage bey Aloys Doll, Buchhändler am Stephans-Platz im teutschen Hause  |c 1799 
300 |a 4 nečíslované listy, 380 strán, 2 nečíslované listy  |c 8°  |c 18 x 11 cm 
336 |a text  |b txt  |2 rdacontent 
337 |a bez média  |b n  |2 rdamedia 
338 |a zväzok  |b nc  |2 rdacarrier 
500 |a Vinety, signety, ozdobné iniciálky 
504 |a Kustody 
510 4 |a VD18 90506979 
546 |a Nemčina  |b Fraktúra 
561 |a Proveniencia: pečiatka: Dr. E. Kadarász- ver. not. Poz. Margity Zayovej.  |5 SNK ID 103298/1 
563 |a Väzba: papierová.  |5 SNK ID 103298/1 
650 0 7 |a ekonomika  |2 SNKPH  |9 789 
650 0 7 |a poľnohospodárstvo  |2 SNKPH  |9 679 
700 1 |a Zaiová, Margita,  |d 1868-1937  |4 fmo  |9 186369 
700 1 |a Kadarász, Ernest  |4 oth  |9 302455 
700 1 |a Doll, Aloys,  |d 1767-1826  |4 pbl  |9 415165 
752 |a Rakúsko  |d Viedeň 
852 |a snk  |b Zaiova knižnica  |p ID 103298/1 
958 |a DD 
958 |a ONDV 
999 |c 665451  |d 667381 
952 |t Zay 7224; Z 8545  |a SNK  |b SNK  |c SNK_HF  |y PREZ  |7 0  |p 17A1400523  |o snkID 103298/1  |i snk2024/905  |8 5  |0 0  |1 0  |4 0  |d 2024-01-16  |l 0  |r 2026-02-23 19:07:40  |w 2026-02-23